The production and application of new industrial tecnology / (Record no. 122804)

MARC details
000 -LEADER
campo de control de longitud fija 00470nam a2200157 4500
001 - NÚMERO DE CONTROL
campo de control 122804
003 - IDENTIFICADOR DE NÚMERO DE CONTROL
campo de control ES-MaACL
007 - CAMPO FIJO DE DESCRIPCIÓN FÍSICA--INFORMACIÓN GENERAL
campo de control de longitud fija t|
008 - DATOS DE LONGITUD FIJA--INFORMACIÓN GENERAL
campo de control de longitud fija 070214s1977 xxu r ||||1| eng d
245 04 - MENCIÓN DEL TÍTULO
Título The production and application of new industrial tecnology /
Mención de responsabilidad, etc. Edwin Mansfield... [et al.].
250 ## - MENCION DE EDICION
Mención de edición 1st ed.
260 ## - PUBLICACIÓN, DISTRIBUCIÓN, ETC.
Lugar de publicación, distribución, etc. New York :
Nombre del editor, distribuidor, etc. W. W. Norton,
Fecha de publicación, distribución, etc. 1977.
300 ## - DESCRIPCIÓN FÍSICA
Extensión X, 220 p. ;
Dimensiones 24 cm.
700 1# - ENTRADA AGREGADA--NOMBRE PERSONAL
Nombre de persona Mansfield, Edwin.
9 (RLIN) 76115
852 ## - LOCALIZACIÓN
Ubicación ES-MaACL
Número de control de estantería G-4017
Sublocalización o colección R.114196
Holdings
Estatus retirado Estado de pérdida Estado de daño No para préstamo Biblioteca de origen Biblioteca actual Ubicación en estantería Fecha de adquisición Fuente de adquisición Total de préstamos Signatura topográfica completa Código de barras Visto por última vez Precio de reemplazo Tipo de ítem Koha
        Biblioteca del Ateneo de Madrid Biblioteca del Ateneo de Madrid Depósito 2 17/01/2008     G-4017 1127960 23/02/2023 23/02/2023 Libro impreso